| 000 | 00701nam a22002177a 4500 | ||
|---|---|---|---|
| 999 |
_c19703 _d19703 |
||
| 003 | AR-CdUCM | ||
| 008 | 190401b ||||| |||| 00| 0 spa d | ||
| 040 |
_aMUNICIPALIDAD PROVINCIAL DEL CUSCO _cBIBLIOTECA MUNICIPAL DEL CUSCO |
||
| 082 |
_a800 / _bC45 _23ed |
||
| 100 |
_aCervantes, Miguel de _917829 |
||
| 245 | _aEl ingenioso hidalgo don Quijote de la mancha / | ||
| 260 |
_aMéxico : _bPorrua, _c1963. |
||
| 300 |
_a586 paginas ; _c22 cm. |
||
| 505 | _aContenido :Don Quijote de la mancha. | ||
| 650 |
_aLiteratura universal _9611 |
||
| 650 |
_aNovelas _9218 |
||
| 650 |
_aEl Quijote _916374 |
||
| 700 |
_aCastro, Américo (prologo) _941207 |
||
| 942 |
_2ddc _cLIBROS |
||
| 945 |
_adavv _d2019-05-20 |
||